[Event "26th Abu Dhabi Masters"]
[Site "Abu Dhabi UAE"]
[Date "2019.08.03"]
[Round "2.56"]
[White "Tabada, Jobannie C."]
[Black "Raja, Rithvik R"]
[Result "1-0"]
[BlackTitle "IM"]
[WhiteElo "2216"]
[BlackElo "2364"]
[WhiteFideId "5206073"]
[BlackFideId "35007394"]
[EventDate "2019.08.02"]

1. e4 e5 2. Nf3 Nc6 3. Bb5 a6 4. Ba4 Nf6 5. d3 b5 6. Bb3 Bc5 7. O-O d6 8. c3 O-O
9. Be3 Bxe3 10. fxe3 Na5 11. Bc2 c5 12. Nbd2 Nc6 13. Qe1 Ne7 14. Nh4 Ng6 15. Nf5
Be6 16. a4 Qd7 17. h3 d5 18. Qf2 Bxf5 19. exf5 Ne7 20. g4 h6 21. Qg3 Rae8 22.
Rf2 c4 23. dxc4 bxc4 24. g5 hxg5 25. Qxg5 Nh7 26. Qg3 f6 27. e4 Rd8 28. exd5
Nxd5 29. Nxc4 Nf4 30. h4 Qc6 31. b3 Kh8 32. Kh2 Rd7 33. Rg1 Rfd8 34. Re1 Qc5 35.
Qe3 Qc7 36. Qb6 Qxb6 37. Nxb6 Rd2 38. Rf1 Ne2 39. Be4 Nxc3 40. Bg2 R2d4 41. Rc2
Rxh4+ 42. Kg3 Rb4 43. Rxc3 Rxb6 44. Bd5 Rbd6 45. Bc4 a5 46. Rh1 R6d7 47. Rc2 g5
48. fxg6 Rg7 49. Rxh7+ Rxh7 50. gxh7 Kxh7 51. Be6 Kg6 52. Rc5 Rd3+ 53. Kf2 Kg5
54. Rxa5 Kf4 55. Ke2 Rd6 56. Bc4 f5 57. Ra6 Rd7 58. Rf6 Rh7 59. Be6 Rh2+ 60. Kf1
e4 61. Rxf5+ Ke3 62. a5 Ra2 63. Bc4 Ra1+ 64. Kg2 Ra2+ 65. Kg3 Ra1 66. a6 Rg1+
67. Kh2 Rg7 68. Rf7 1-0

[Event "26th Abu Dhabi Masters"]
[Site "Abu Dhabi UAE"]
[Date "2019.08.03"]
[Round "2.66"]
[White "Mithil, Ajgaonkar"]
[Black "Mohamed, Faisal"]
[Result "1-0"]
[WhiteTitle "FM"]
[BlackTitle "FM"]
[WhiteElo "2314"]
[BlackElo "2150"]
[WhiteFideId "5017343"]
[BlackFideId "12202606"]
[EventDate "2019.08.02"]

1. d4 d5 2. c4 c6 3. e3 Nf6 4. Nc3 e6 5. Nf3 Nbd7 6. Qc2 Bd6 7. b3 O-O 8. Bd3 e5
9. cxd5 cxd5 10. Nb5 Bb4+ 11. Bd2 Bxd2+ 12. Nxd2 a6 13. dxe5 Nxe5 14. Nd4 Bd7
15. Be2 Rc8 16. Qb2 Bg4 17. O-O Bxe2 18. Nxe2 Nd3 19. Qd4 Nc5 20. Nf3 Ne6 21.
Qb2 Qa5 22. Rac1 Nc5 23. b4 Qb6 24. Qc3 Ncd7 25. Qxc8 Rxc8 26. Rxc8+ Nf8 27. a3
g6 28. Ned4 Kg7 29. Rfc1 Ne4 30. R8c7 h5 31. Ne5 Nd6 32. Re7 Nh7 33. Nd7 Qa7 34.
Rc7 Ng5 35. h4 Nge4 36. Ne5 Qb8 37. Nxf7 Kg8 38. Nh6+ 1-0

[Event "26th Abu Dhabi Masters"]
[Site "Abu Dhabi UAE"]
[Date "2019.08.03"]
[Round "2.72"]
[White "Srija, Seshadri"]
[Black "Panesar, Vedant"]
[Result "1/2-1/2"]
[WhiteTitle "WIM"]
[WhiteElo "2284"]
[BlackElo "2102"]
[WhiteFideId "5055903"]
[BlackFideId "35033018"]
[EventDate "2019.08.02"]

1. e4 c6 2. d4 d5 3. e5 Bf5 4. h4 h5 5. Be2 e6 6. g3 c5 7. Nf3 Nc6 8. c3 Nh6 9.
Nbd2 Bg4 10. dxc5 Bxc5 11. Nb3 Bb6 12. a4 Nf5 13. Bf4 a6 14. O-O Rc8 15. Kg2
Nfe7 16. Re1 Ng6 17. Qd2 Qc7 18. Nbd4 Na5 19. Qc2 Nxf4+ 20. gxf4 Qe7 21. Kg3 g6
22. Rad1 Bd8 23. Ng5 Bxe2 24. Rxe2 Rh6 25. Kg2 Bb6 26. Ndf3 Rc4 27. Kg3 Rc8 28.
Kg2 Nc6 29. Qd2 Rh8 30. Kh2 Na5 31. Qd3 Nc4 32. Nd4 Bxd4 33. cxd4 Kd7 34. Rc2
Rc6 35. b3 Na5 36. Rdc1 Rhc8 37. Kg3 Rxc2 38. Rxc2 Rxc2 39. Qxc2 Nc6 40. Qc3 Ke8
41. Nf3 Qb4 42. Qc2 Kd7 43. Qd3 Ne7 44. Kg2 Nf5 45. Kh2 Ne7 46. Kg3 Nc6 47. Nd2
Na5 48. Kg2 Kc7 49. Kg3 Kb8 1/2-1/2

[Event "26th Abu Dhabi Masters"]
[Site "Abu Dhabi UAE"]
[Date "2019.08.03"]
[Round "3.1"]
[White "Salem, A.R. Saleh"]
[Black "Yakubboev, Nodirbek"]
[Result "1/2-1/2"]
[WhiteTitle "GM"]
[BlackTitle "GM"]
[WhiteElo "2668"]
[BlackElo "2574"]
[WhiteFideId "9301348"]
[BlackFideId "14203987"]
[EventDate "2019.08.02"]

1. d4 Nf6 2. c4 e6 3. Nf3 b6 4. a3 Bb7 5. Nc3 d5 6. cxd5 Nxd5 7. e3 Nd7 8. Bd3
Nxc3 9. bxc3 c5 10. e4 Be7 11. Bf4 cxd4 12. cxd4 O-O 13. O-O Nf6 14. Qe2 Rc8 15.
Rfe1 Rc3 16. Bd2 Rc7 17. a4 a5 18. Rab1 Nd7 19. Rb5 Ba6 20. Rh5 Bxd3 21. Qxd3
Re8 22. Rh3 Nf8 23. Qb5 Rc2 24. Rg3 Ng6 25. Be3 Qa8 26. h4 Nxh4 27. Qh5 Ng6 28.
Rh3 Nf8 29. d5 g6 30. Qh6 Bf6 31. Bd4 Qd8 32. Bxf6 Qxf6 33. e5 Qg7 34. Qe3 exd5
35. Qxb6 Ne6 36. Qxa5 Qf8 37. Rh4 Qc5 38. Qxc5 1/2-1/2

[Event "26th Abu Dhabi Masters"]
[Site "Abu Dhabi UAE"]
[Date "2019.08.03"]
[Round "3.3"]
[White "Aleksandrov, Aleksej"]
[Black "Socko, Bartosz"]
[Result "1-0"]
[WhiteTitle "GM"]
[BlackTitle "GM"]
[WhiteElo "2571"]
[BlackElo "2625"]
[WhiteFideId "13500139"]
[BlackFideId "1107038"]
[EventDate "2019.08.02"]

1. Nf3 Nf6 2. e3 g6 3. b4 Bg7 4. Bb2 O-O 5. Be2 d6 6. O-O e5 7. d3 b6 8. c4 Bb7
9. Nc3 Nbd7 10. Nd2 c6 11. Bf3 d5 12. Qb3 dxc4 13. Nxc4 Qb8 14. a4 Rd8 15. Ne4
Nxe4 16. Bxe4 Kh8 17. f4 f5 18. fxe5 Nxe5 19. Nxe5 Bxe5 20. Bxf5 c5 21. Be6 Qd6
22. bxc5 bxc5 23. Qxb7 Qxe6 24. Qe4 Rd5 25. Rf6 Qxf6 26. Qxd5 Re8 27. Rf1 Bxh2+
28. Kxh2 Qxb2 29. Qxc5 Qg7 30. e4 Kg8 31. Qd5+ Kh8 32. Qc5 Kg8 33. Qd5+ Kh8 34.
Kg1 Qc7 35. Qf7 Qb6+ 36. Kh1 Rd8 37. e5 Qd4 38. Qf6+ Kg8 39. Qf7+ Kh8 40. Qe7
Kg8 41. Rf7 1-0

[Event "26th Abu Dhabi Masters"]
[Site "Abu Dhabi UAE"]
[Date "2019.08.03"]
[Round "3.4"]
[White "Indjic, Aleksandar"]
[Black "Yuffa, Daniil"]
[Result "1-0"]
[WhiteTitle "GM"]
[BlackTitle "GM"]
[WhiteElo "2617"]
[BlackElo "2571"]
[WhiteFideId "911925"]
[BlackFideId "24131423"]
[EventDate "2019.08.02"]

1. Nf3 Nf6 2. g3 g6 3. b3 Bg7 4. Bb2 O-O 5. c4 d6 6. d4 Nbd7 7. Bg2 c6 8. O-O
Re8 9. Nc3 e5 10. e3 a6 11. a4 Qc7 12. a5 Nf8 13. d5 e4 14. Nd2 Bf5 15. b4 h5
16. Nb3 h4 17. dxc6 bxc6 18. b5 h3 19. Bh1 Ne6 20. bxc6 Rab8 21. Rb1 Qxc6 22.
Nd5 Ng4 23. Bxg7 Kxg7 24. Nd2 Ng5 25. Rb6 Rxb6 26. axb6 Ne5 27. Qa1 Be6 28. Nxe4
Nxe4 29. Bxe4 Qxc4 30. Nc3 d5 31. Bh1 d4 32. Ne4 Rd8 33. b7 Qe2 34. Ng5 Kh6 35.
exd4 Nd3 36. Bf3 Qd2 37. Nxe6 fxe6 38. Qb1 Nb4 39. Qe4 1-0

[Event "26th Abu Dhabi Masters"]
[Site "Abu Dhabi UAE"]
[Date "2019.08.03"]
[Round "3.5"]
[White "Istratescu, Andrei"]
[Black "Yilmaz, Mustafa"]
[Result "1/2-1/2"]
[WhiteTitle "GM"]
[BlackTitle "GM"]
[WhiteElo "2561"]
[BlackElo "2614"]
[WhiteFideId "1200372"]
[BlackFideId "6302718"]
[EventDate "2019.08.02"]

1. d4 Nf6 2. c4 e6 3. Nc3 Bb4 4. Qc2 O-O 5. a3 Bxc3+ 6. Qxc3 d5 7. Bg5 dxc4 8.
Qxc4 b6 9. Nf3 Ba6 10. Qc2 h6 11. Bxf6 Qxf6 12. g3 Rc8 13. Bg2 Bb7 1/2-1/2

[Event "26th Abu Dhabi Masters"]
[Site "Abu Dhabi UAE"]
[Date "2019.08.03"]
[Round "3.6"]
[White "Sengupta, Deep"]
[Black "Zubov, Alexander"]
[Result "1/2-1/2"]
[WhiteTitle "GM"]
[BlackTitle "GM"]
[WhiteElo "2546"]
[BlackElo "2607"]
[WhiteFideId "5008352"]
[BlackFideId "14109409"]
[EventDate "2019.08.02"]

1. e4 c5 2. Nf3 d6 3. d4 cxd4 4. Nxd4 Nf6 5. Nc3 a6 6. h3 e5 7. Nde2 h5 8. Bg5
Be7 9. Bxf6 Bxf6 10. Nd5 Bg5 11. h4 Bh6 12. g3 Bg4 13. Bg2 Nd7 14. c3 O-O 15.
Qc2 b5 16. Rd1 Nb6 17. O-O Rc8 18. Nxb6 Qxb6 19. Qd3 Rcd8 20. Kh2 Be6 21. b3 Qa5
22. Qc2 Qb6 23. f4 f6 24. Rd3 1/2-1/2

[Event "26th Abu Dhabi Masters"]
[Site "Abu Dhabi UAE"]
[Date "2019.08.03"]
[Round "3.8"]
[White "Petrosyan, Manuel"]
[Black "Bajarani, Ulvi"]
[Result "1-0"]
[WhiteTitle "GM"]
[BlackTitle "GM"]
[WhiteElo "2592"]
[BlackElo "2515"]
[WhiteFideId "13300857"]
[BlackFideId "13403028"]
[EventDate "2019.08.02"]

1. d4 d5 2. c4 c6 3. Nf3 Nf6 4. e3 e6 5. Bd3 Nbd7 6. Nbd2 Bd6 7. O-O O-O 8. e4
e5 9. cxd5 cxd5 10. Re1 h6 11. h3 dxe4 12. Nxe4 Nxe4 13. Bxe4 exd4 14. Nxd4 Nf6
15. Bf3 Bc5 16. Be3 Qb6 17. b4 Bxb4 18. Nc6 Bc5 19. Rb1 Bxe3 20. Rxe3 bxc6 21.
Rxb6 axb6 22. a3 Nd5 23. Bxd5 cxd5 24. Qxd5 Be6 25. Qb5 Rfb8 26. Qe5 Kh8 27. Rg3
Rg8 28. Qb5 Rab8 29. Kh2 Kh7 30. h4 g6 31. Qe5 h5 32. Rc3 Rgc8 33. Rxc8 Rxc8 34.
Qb2 Ra8 35. Qb4 b5 36. f3 Ra4 37. Qe7 Rd4 38. Kg3 Rd5 39. Kf4 Rd4+ 40. Ke3 Rc4
41. Kd2 Rd4+ 42. Kc3 Rc4+ 43. Kb2 Rd4 44. Qc5 Rd5 45. Qe3 Kg7 46. Kc3 Kg8 47.
Kb4 Bd7 48. Ka5 Rd6 49. g4 hxg4 50. fxg4 Re6 51. Qd4 Be8 52. Qf4 Kg7 53. Kb4 Kh7
54. h5 Ra6 55. Kb3 Re6 56. h6 f6 57. g5 1-0

[Event "26th Abu Dhabi Masters"]
[Site "Abu Dhabi UAE"]
[Date "2019.08.03"]
[Round "3.10"]
[White "Ni, Hua"]
[Black "Senthil, Maran K"]
[Result "1-0"]
[WhiteTitle "GM"]
[WhiteElo "2668"]
[BlackElo "2222"]
[WhiteFideId "8601160"]
[BlackFideId "25035681"]
[EventDate "2019.08.02"]

1. e4 c5 2. Nf3 Nc6 3. Bb5 Nf6 4. Nc3 g6 5. O-O Bg7 6. e5 Ng4 7. Bxc6 dxc6 8.
Re1 O-O 9. d3 Nh6 10. Ne4 b6 11. Bf4 Nf5 12. c3 Ba6 13. d4 cxd4 14. cxd4 Qd5 15.
Nc3 Qc4 16. g4 Nh6 17. h3 f5 18. g5 Nf7 19. Rc1 Nd8 20. e6 Qd3 21. Be5 Qxd1 22.
Rcxd1 Nxe6 23. Bxg7 Nxg7 24. d5 cxd5 25. Nxd5 Bc4 26. Nxe7+ Kh8 27. b3 Be6 28.
Rd6 Bg8 29. Ne5 Nh5 30. Rd7 Nf4 31. Kh2 Rfd8 32. Rc7 Rd6 33. Kg3 Nh5+ 34. Kf3
Re6 35. Re3 f4 36. Re4 Re8 37. N5c6 a5 38. Nd4 Rxe4 39. Kxe4 Ng7 40. Kxf4 Rd8
41. Ke5 a4 42. Rc8 Re8 43. Rxe8 Nxe8 44. Nxg8 axb3 45. axb3 Kxg8 46. Ke6 Ng7+
47. Ke7 Nh5 48. Ne6 b5 49. b4 h6 50. h4 hxg5 51. hxg5 Kh8 52. Kf8 Kh7 53. Kf7 1-0

[Event "26th Abu Dhabi Masters"]
[Site "Abu Dhabi UAE"]
[Date "2019.08.03"]
[Round "3.11"]
[White "Akopian, Vladimir"]
[Black "Aryan, Chopra"]
[Result "1/2-1/2"]
[WhiteTitle "GM"]
[BlackTitle "GM"]
[WhiteElo "2650"]
[BlackElo "2553"]
[WhiteFideId "13300032"]
[BlackFideId "5084423"]
[EventDate "2019.08.02"]

1. e4 e6 2. d4 d5 3. Nd2 c5 4. exd5 exd5 5. Ngf3 Nf6 6. Bb5+ Bd7 7. Bxd7+ Nbxd7
8. O-O Be7 9. dxc5 Nxc5 10. Nb3 Nce4 11. Nfd4 Nd6 12. c3 O-O 13. Qc2 Re8 14. Bf4
Qb6 15. Rae1 Nc4 16. Re2 Bd6 17. Bxd6 Rxe2 18. Qxe2 Qxd6 19. Re1 g6 20. Qc2 Qb6
21. Qc1 Re8 22. Rxe8+ Nxe8 23. Nc2 a5 24. Ne3 Nxe3 25. Qxe3 Qxe3 26. fxe3 b6 27.
Nd4 Nd6 28. Kf2 Kg7 29. Ke2 a4 30. Kd3 Kf6 31. b3 axb3 32. axb3 h5 33. Nf3 g5
34. Kd4 g4 35. Nh4 Nb5+ 36. Kxd5 Nxc3+ 37. Kc6 Ke5 38. Kxb6 Ke4 39. g3 Kxe3 40.
Nf5+ Kf2 41. Ng7 Kg2 42. Nxh5 Kxh2 43. Kc6 Kg2 44. b4 Kf3 45. b5 Nxb5 46. Kxb5
f5 47. Kc6 f4 48. gxf4 g3 49. Nxg3 Kxf4 1/2-1/2

[Event "26th Abu Dhabi Masters"]
[Site "Abu Dhabi UAE"]
[Date "2019.08.03"]
[Round "3.12"]
[White "Volokitin, Andrei"]
[Black "Vasquez Schroeder, Rodrigo"]
[Result "1-0"]
[WhiteTitle "GM"]
[BlackTitle "GM"]
[WhiteElo "2636"]
[BlackElo "2496"]
[WhiteFideId "14107090"]
[BlackFideId "3400042"]
[EventDate "2019.08.02"]

1. e4 e5 2. Nf3 Nc6 3. Bb5 a6 4. Ba4 Nf6 5. O-O Be7 6. Re1 b5 7. Bb3 d6 8. c3
O-O 9. h3 Bb7 10. d4 Re8 11. Nbd2 Bf8 12. a3 h6 13. Bc2 d5 14. dxe5 Nxe5 15.
Nxe5 Rxe5 16. Nf3 Re8 17. e5 Ne4 18. Bf4 c5 19. a4 f5 20. Nd2 Qh4 21. Nxe4 fxe4
22. Bg3 Qg5 23. h4 Qg6 24. axb5 axb5 25. Rxa8 Rxa8 26. Kh2 Qb6 27. f3 Rd8 28.
fxe4 d4 29. cxd4 Rxd4 30. Qf3 Qe6 31. Ra1 Rd7 32. Ra5 Bc6 33. Ra6 Rf7 34. Qb3 c4
35. Qxb5 Bxb5 36. Rxe6 Rb7 37. Bf2 Kf7 38. Rb6 Rxb6 39. Bxb6 Be7 40. Kg3 Ke6 41.
Bd4 Bb4 42. Bd1 g6 43. Bg4+ Ke7 44. Bc3 Bc5 45. Be2 h5 46. Kf3 Kd7 47. b3 Be7
48. g3 Kc6 49. Bxc4 Bxc4 50. bxc4 Ba3 51. Bd2 Kd7 52. Bf4 Bc5 53. Ke2 Bb6 54.
Kd3 Kc6 55. e6 Bc5 56. e5 Bf2 57. Ke4 1-0

[Event "26th Abu Dhabi Masters"]
[Site "Abu Dhabi UAE"]
[Date "2019.08.03"]
[Round "3.13"]
[White "Esipenko, Andrey"]
[Black "Arjun, Kalyan"]
[Result "1/2-1/2"]
[WhiteTitle "GM"]
[BlackTitle "IM"]
[WhiteElo "2625"]
[BlackElo "2482"]
[WhiteFideId "24175439"]
[BlackFideId "35018701"]
[EventDate "2019.08.02"]

1. d4 d5 2. c4 e6 3. Nf3 Nf6 4. Nc3 Be7 5. Bf4 O-O 6. a3 b6 7. Qc2 c5 8. Rd1 Bb7
9. cxd5 exd5 10. g3 Nc6 11. Bg2 Nxd4 12. Nxd4 cxd4 13. Rxd4 Bc5 14. Rd1 Qe7 15.
Nxd5 Nxd5 16. Bxd5 Rac8 17. Qa4 Bxd5 18. Rxd5 Rfd8 19. Bg5 Bb4+ 20. Kf1 Qb7 21.
Rxd8+ Rxd8 22. f3 Be7 23. Bxe7 Qxe7 24. Qc2 Re8 25. e4 f5 26. exf5 Qe1+ 27. Kg2
Qe2+ 28. Qxe2 Rxe2+ 29. Kh3 Rxb2 30. Rc1 Rb3 31. Kg4 Rxa3 32. Rc7 a5 33. Rb7 Rb3
34. f4 Rb5 1/2-1/2

[Event "26th Abu Dhabi Masters"]
[Site "Abu Dhabi UAE"]
[Date "2019.08.03"]
[Round "3.14"]
[White "Bartel, Mateusz"]
[Black "Sadhwani, Raunak"]
[Result "1-0"]
[WhiteTitle "GM"]
[BlackTitle "IM"]
[WhiteElo "2612"]
[BlackElo "2493"]
[WhiteFideId "1112635"]
[BlackFideId "35093487"]
[EventDate "2019.08.02"]

1. c4 e5 2. Nc3 Nf6 3. Nf3 Nc6 4. e4 Bb4 5. d3 Bxc3+ 6. bxc3 d6 7. g3 O-O 8. Bg2
a6 9. a4 Nd7 10. O-O Nc5 11. Nh4 Na5 12. Be3 Re8 13. f4 exf4 14. Rxf4 Be6 15.
Nf5 Bxf5 16. Rxf5 Qe7 17. Qc2 Nc6 18. Raf1 Rf8 19. d4 Nd7 20. c5 Nd8 21. cxd6
cxd6 22. Qb3 Rb8 23. Qa3 Ne6 24. e5 Nb6 25. exd6 Qd8 26. Qb4 a5 27. Qb3 Qxd6 28.
Rxa5 Qc7 29. Raf5 Nc4 30. Bc1 Nd6 31. R5f2 b5 32. Bd5 bxa4 33. Qa2 Qd7 34. Rxf7
Nxf7 35. Bxe6 Qc6 36. Ba3 Qxc3 37. Bxf7+ Kh8 38. Bxf8 Qxd4+ 39. Qf2 Qxf2+ 40.
Rxf2 Rxf8 41. Ba2 Ra8 42. Rf3 g6 43. Ra3 Kg7 44. Bb3 1-0

[Event "26th Abu Dhabi Masters"]
[Site "Abu Dhabi UAE"]
[Date "2019.08.03"]
[Round "3.15"]
[White "Iniyan, P"]
[Black "Karthikeyan, Murali"]
[Result "1/2-1/2"]
[WhiteTitle "GM"]
[BlackTitle "GM"]
[WhiteElo "2517"]
[BlackElo "2612"]
[WhiteFideId "25002767"]
[BlackFideId "5074452"]
[EventDate "2019.08.02"]

1. e4 c5 2. Nf3 Nc6 3. Nc3 e6 4. g3 Nf6 5. Bg2 d5 6. exd5 exd5 7. O-O Be7 8. d4
O-O 9. Bg5 Be6 10. dxc5 Bxc5 11. Na4 Be7 12. Nd4 Nxd4 13. Qxd4 h6 14. Be3 Ng4
15. Nc5 Bxc5 16. Qxc5 Nxe3 17. Qxe3 d4 18. Qe4 Qb6 19. b3 Rac8 20. Rac1 Rc7 21.
Rfd1 Rd8 22. c3 Rxc3 23. Qxb7 Qa5 24. Qe7 Rxc1 25. Rxc1 d3 26. Rd1 d2 27. Be4
Rc8 28. Qd6 Rd8 29. Qe7 Rc8 30. Qd6 Rd8 1/2-1/2

[Event "26th Abu Dhabi Masters"]
[Site "Abu Dhabi UAE"]
[Date "2019.08.03"]
[Round "3.17"]
[White "Tabatabaei, M.amin"]
[Black "Alavi, Sayed Javad"]
[Result "1-0"]
[WhiteTitle "GM"]
[BlackTitle "IM"]
[WhiteElo "2601"]
[BlackElo "2454"]
[WhiteFideId "12521213"]
[BlackFideId "12500607"]
[EventDate "2019.08.02"]

1. Nf3 d5 2. g3 c6 3. c4 Bg4 4. Bg2 e6 5. h3 Bxf3 6. Bxf3 dxc4 7. Qc2 Qd4 8. Nc3
Nd7 9. b3 cxb3 10. axb3 Ngf6 11. O-O Be7 12. Ra4 Qb6 13. d4 O-O 14. e4 e5 15.
Rd1 a6 16. Be3 Qc7 17. Nd5 Nxd5 18. exd5 exd4 19. Raxd4 Bf6 20. d6 Qa5 21. b4
Qd8 22. Re4 Re8 23. Qb3 Rxe4 24. Bxe4 Qe8 25. Bd3 Rd8 26. h4 Be5 27. Bf5 Nf6 28.
d7 Rxd7 29. Bxd7 Nxd7 30. Qd3 Nf8 31. Qd8 Qxd8 32. Rxd8 Bc7 33. Ra8 Bd6 1-0

[Event "26th Abu Dhabi Masters"]
[Site "Abu Dhabi UAE"]
[Date "2019.08.03"]
[Round "3.18"]
[White "Gaponenko, Inna"]
[Black "Antipov, Mikhail Al."]
[Result "0-1"]
[WhiteTitle "IM"]
[BlackTitle "GM"]
[WhiteElo "2446"]
[BlackElo "2599"]
[WhiteFideId "14101181"]
[BlackFideId "4107012"]
[EventDate "2019.08.02"]

1. e4 c5 2. c3 Nf6 3. e5 Nd5 4. Nf3 d6 5. d4 cxd4 6. cxd4 Nc6 7. Bc4 dxe5 8.
dxe5 Ndb4 9. Qxd8+ Nxd8 10. Na3 a6 11. Bd2 e6 12. Ke2 b5 13. Bb3 Bb7 14. Nc2
Nxc2 15. Bxc2 Bd5 16. a4 b4 17. a5 Nc6 18. Ba4 O-O-O 19. Rhc1 Kb7 20. Be3 Be7
21. Bxc6+ Bxc6 22. Nd4 Bd5 23. f3 Rc8 24. Kd3 Rhd8 25. Rxc8 Rxc8 26. Bd2 f6 27.
exf6 gxf6 28. Rc1 Rd8 29. Ke2 h5 30. Nc2 Rc8 31. Ne3 Bc6 32. Ke1 f5 33. Rc4 Ba4
34. Rxc8 Kxc8 35. Nc4 Kc7 36. Ke2 Kc6 37. Kd3 Kb5 38. Be3 Bb3 39. Nd2 Bd5 40.
Bb6 Ka4 41. Bc7 Bf6 42. Kc2 e5 43. b3+ Ka3 44. Bd6 e4 45. fxe4 fxe4 46. Bc5 Bg5
47. g3 e3 48. Nc4+ Bxc4 49. bxc4 e2 50. Bf2 Ka2 0-1

[Event "26th Abu Dhabi Masters"]
[Site "Abu Dhabi UAE"]
[Date "2019.08.03"]
[Round "3.19"]
[White "Bai, Jinshi"]
[Black "Akash Pc, Iyer"]
[Result "1-0"]
[WhiteTitle "GM"]
[BlackTitle "IM"]
[WhiteElo "2599"]
[BlackElo "2443"]
[WhiteFideId "8602280"]
[BlackFideId "5006775"]
[EventDate "2019.08.02"]

1. d4 Nf6 2. Nf3 g6 3. g3 Bg7 4. Bg2 O-O 5. O-O d6 6. b3 Nbd7 7. Bb2 e5 8. dxe5
Ng4 9. Qd2 Ngxe5 10. Nxe5 Nxe5 11. c4 h5 12. Nc3 h4 13. Rad1 hxg3 14. hxg3 Nc6
15. Nd5 Ne5 16. f4 Ng4 17. Bxg7 Kxg7 18. c5 c6 19. Nc3 d5 20. e4 Qe7 21. Qd4+ f6
22. Rfe1 Re8 23. Re2 dxe4 24. Nxe4 Bf5 25. Bf3 Qf8 26. Nd6 Rxe2 27. Bxe2 Qe7 28.
Qd2 Qe3+ 29. Qxe3 Nxe3 30. Nxf5+ Nxf5 31. Rd7+ Kh6 32. Rxb7 Nxg3 33. Bf3 Rd8 34.
Rxa7 Rd2 35. Ra6 f5 36. a4 Rd3 37. Kf2 Nh5 38. Bxh5 Kxh5 39. Rxc6 Rxb3 40. a5
Ra3 41. a6 Kg4 42. Rb6 Kxf4 43. c6 Ra2+ 44. Ke1 Ra4 45. Kf2 1-0

[Event "26th Abu Dhabi Masters"]
[Site "Abu Dhabi UAE"]
[Date "2019.08.03"]
[Round "3.20"]
[White "Krishna, C R G"]
[Black "Petrov, Nikita"]
[Result "1/2-1/2"]
[WhiteTitle "IM"]
[BlackTitle "GM"]
[WhiteElo "2444"]
[BlackElo "2595"]
[WhiteFideId "5018625"]
[BlackFideId "4101286"]
[EventDate "2019.08.02"]

1. d4 Nf6 2. c4 e6 3. g3 c5 4. Nf3 cxd4 5. Nxd4 d5 6. Bg2 e5 7. Nf3 d4 8. O-O
Nc6 9. e3 Be7 10. exd4 exd4 11. Bf4 O-O 12. Ne5 Qb6 13. Nd2 Nxe5 14. Bxe5 Ng4
15. Nf3 Nxe5 16. Nxe5 Qxb2 17. Rb1 Qxa2 18. Bxb7 Bxb7 19. Rxb7 Bf6 20. Nd7 Qa6
21. Qf3 Rfd8 22. Re1 Rac8 23. c5 Qc6 24. Qxc6 Rxc6 25. Rxa7 h5 26. h4 Rdc8 27.
Kg2 R6c7 28. Rxc7 Rxc7 29. Nxf6+ gxf6 30. Rd1 Rxc5 31. Rxd4 Kg7 32. Kf3 Kg6 33.
Ke3 Re5+ 34. Kf3 Ra5 35. Ke4 1/2-1/2

[Event "26th Abu Dhabi Masters"]
[Site "Abu Dhabi UAE"]
[Date "2019.08.03"]
[Round "3.21"]
[White "Socko, Monika"]
[Black "Can, Emre"]
[Result "0-1"]
[WhiteTitle "GM"]
[BlackTitle "GM"]
[WhiteElo "2436"]
[BlackElo "2593"]
[WhiteFideId "1106619"]
[BlackFideId "6302181"]
[EventDate "2019.08.02"]

1. e4 c5 2. Nf3 d6 3. d4 cxd4 4. Nxd4 Nf6 5. f3 e5 6. Nb3 d5 7. Bg5 Be6 8. Bxf6
gxf6 9. exd5 Qxd5 10. Qxd5 Bxd5 11. Nc3 Be6 12. O-O-O Nc6 13. Nd5 Bh6+ 14. Kb1
O-O-O 15. Nc3 Rxd1+ 16. Nxd1 Rd8 17. Be2 Bxb3 18. cxb3 Rd2 19. Nc3 Nd4 20. Re1
f5 21. b4 Bf4 22. g3 Be3 23. Bd1 f4 24. gxf4 Bxf4 25. h3 h5 26. Ne4 Rh2 27. Nd6+
Kc7 28. Nxf7 Rxh3 29. Nxe5 h4 30. Ng4 Bg3 31. Rf1 Bf4 32. Re1 Bd6 33. f4 Bxb4
34. Rf1 Nf5 35. Bf3 Bd2 36. Rf2 Rg3 37. Bd1 Be3 38. Rc2+ Kb6 39. Rc3 Bd4 40.
Rb3+ Rxb3 41. axb3 Bg1 42. Kc2 h3 43. Kd3 h2 44. Bf3 Ng3 45. Ne5 Kc7 46. Nc4 Bc5
47. Nd2 h1=Q 48. Bxh1 Nxh1 49. Ke4 Ng3+ 50. Kf3 Nf5 51. Ke4 Nd6+ 52. Kd5 Be3 0-1

[Event "26th Abu Dhabi Masters"]
[Site "Abu Dhabi UAE"]
[Date "2019.08.03"]
[Round "3.25"]
[White "Dimakiling, Oliver"]
[Black "Praggnanandhaa, R"]
[Result "1/2-1/2"]
[WhiteTitle "IM"]
[BlackTitle "GM"]
[WhiteElo "2418"]
[BlackElo "2569"]
[WhiteFideId "5202248"]
[BlackFideId "25059530"]
[EventDate "2019.08.02"]

1. Nf3 Nf6 2. e3 b6 3. a4 a5 4. Be2 Bb7 5. O-O g6 6. d4 Bg7 7. Nbd2 O-O 8. c3 d6
9. b4 Nd5 10. Qb3 axb4 11. cxb4 c5 12. bxc5 dxc5 13. Bb2 Nd7 14. Bb5 cxd4 15.
exd4 N7f6 16. Rfe1 Nc7 17. Bc4 Nfd5 18. Ne4 Ra7 19. h4 Ne6 20. g3 h5 21. Ne5 Qa8
22. Nd2 Rd8 23. Ndf3 Nf8 24. Bb5 e6 25. Rac1 Ne7 26. Rc3 Bd5 27. Qa3 Rc8 28.
Rxc8 Qxc8 29. Rc1 Qa8 30. Ne1 Nf5 31. Qb4 Qd8 32. Bc6 Ne7 33. Bxd5 Nxd5 34. Qb3
Rc7 35. N1d3 Rxc1+ 36. Bxc1 Nd7 37. Qc4 Bf6 38. Nc6 Qa8 39. Nf4 Nxf4 40. Bxf4
Kg7 41. Qb5 Qf8 42. Ne5 Bxe5 43. dxe5 Qc8 44. Be3 Qc7 45. Bd4 Kf8 46. Kh2 Ke7
47. Qb4+ Ke8 48. Qb5 Ke7 49. Qb4+ Ke8 50. Qb5 Kd8 51. Be3 Kc8 52. Bd4 Kd8 53.
Be3 1/2-1/2

[Event "26th Abu Dhabi Masters"]
[Site "Abu Dhabi UAE"]
[Date "2019.08.03"]
[Round "3.27"]
[White "Onischuk, Vladimir"]
[Black "Viani, Antonio Dcunha"]
[Result "1/2-1/2"]
[WhiteTitle "GM"]
[BlackTitle "IM"]
[WhiteElo "2640"]
[BlackElo "2371"]
[WhiteFideId "14114038"]
[BlackFideId "5027330"]
[EventDate "2019.08.02"]

1. e4 e5 2. Nf3 Nc6 3. Bb5 a6 4. Ba4 Nf6 5. O-O Bc5 6. d3 b5 7. Bb3 d6 8. c3 h6
9. Nbd2 O-O 10. h3 Be6 11. Bc2 Bb6 12. Re1 Re8 13. a4 b4 14. Nb3 d5 15. Qe2 Rb8
16. c4 dxc4 17. dxc4 Nd7 18. Be3 Bxe3 19. Qxe3 Qe7 20. c5 Rbd8 21. Rec1 Ndb8 22.
Bd1 a5 23. Nbd2 Qd7 24. Nc4 Bxc4 25. Rxc4 Nd4 26. Nxd4 exd4 27. Qd3 Qe7 28. Rxd4
Rxd4 29. Qxd4 Qxe4 30. Qxe4 Rxe4 31. Bf3 Rd4 32. Rc1 Kf8 33. c6 b3 34. Rc5 Rxa4
35. Rb5 Rb4 36. Rxa5 Ke7 37. Kf1 Rc4 38. Re5+ Kf6 39. Rb5 Nxc6 40. Bxc6 1/2-1/2